| 000 | 00488nam a2200205Ia 4500 | ||
|---|---|---|---|
| 003 | 0100 | ||
| 008 | 130227s9999 xx 000 0 und d | ||
| 040 | _cARRUPELIB | ||
| 050 | _aB1618.A574T45 2008 | ||
| 100 | _aTeichmann, Roger | ||
| 245 | 4 | _aThe Philosophy Elizabeth Anscombe | |
| 260 | _aOxford | ||
| 260 | _bOxford University Press | ||
| 260 | _C2008 | ||
| 300 | _ax | ||
| 300 | _b 244p. :24cm. | ||
| 650 | _bSpiritual direction | ||
| 650 | _cImagination | ||
| 942 |
_2lcc _01 |
||
| 999 |
_c6574 _d6574 |
||